000 00387nam a22001217a 4500
999 _c9335
_d9335
003 OSt
008 201203b ||||| |||| 00| 0 eng d
245 _aThe Indian Concrete Journal
250 _a2014(Jan Vol.88 No.1, Feb Vol.88 No.2, Mar Vol.88 No.3, Apr Vol.88 No.4, May Vol.88 No.5, Jun Vol.88 No.6)
260 _aNew Delhi
_bACC Limited
650 _aCivil Engineering
942 _2ddc
_cBV